| 000 | 00494nam a2200145Ia 4500 | ||
|---|---|---|---|
| 008 | 231129s1999||||xx |||||||||||||| ||spa|| | ||
| 020 | _a958-631-292-5 | ||
| 040 | _bspa | ||
| 082 | _a307.1 R696p | ||
| 100 | _aRamirez Baracaldo Benjamín | ||
| 245 | 0 | _aPromoción de la comunidad y organizaciones de economía solidaria | |
| 260 | _c1999 | ||
| 264 | _aUniversidad Santo Tomás. Vicerrectoria de Universidad Abierta y a Distancia | ||
| 942 |
_2ddc _cBKS |
||
| 999 |
_c23360 _d23360 |
||